000 00812nam a2200265Ia 4500
001 Para_3783
003 CHAP
008 220125s1930 xx 000 0 und d
010 _a204669
040 _cCHAP
090 _aPA FOLLETO 1003
100 _aJoslyn, M. A
_9167420
245 _aPreservation of fruits and vegetables by freezing Storage /
_c M. A. Joslyn
260 _aBerkeley, Cal. :
_b Agricultural Experiment Station
300 _a35 p.
440 _aCalifornia Agri. Exp. Sta. Circular; 320
_9170622
650 _aFruta
_x Preservación Frutas congeladas Legumbres
_x Preservación
_9170623
901 _aPA FOLLETO 1003
902 _aA
905 _a0000001930 BER 0000000000 00
910 _a1930
942 _cPARA
942 _cPARA
_d1
999 _c204669
_d204669